[Event "21st European Teams Women"]
[Site "Hersonissos GRE"]
[Date "2017.11.05"]
[Round "8.7"]
[Board "3"]
[White "Collas, Silvia"]
[Black "Fataliyeva, Ulviyya"]
[Result "0-1"]
[WhiteTitle "IM"]
[BlackTitle "WIM"]
[WhiteElo "2288"]
[BlackElo "2348"]
[WhiteTeam "France"]
[BlackTeam "Azerbaijan"]
[WhiteFideId "2902265"]
[BlackFideId "13403052"]
[EventDate "2017.10.28"]

1. d4 d5 2. Bf4 Nf6 3. e3 e6 4. Nd2 c5 5. c3 Nc6 6. Ngf3 Bd6 7. Bg3 O-O 8. Bd3
b6 9. Qe2 Bb7 10. Rd1 Re8 11. Ne5 Qc7 12. f4 Ne7 13. Qf3 Nf5 14. Bf2 Bf8 15. g4
Nd6 16. g5 Nfe4 17. Rg1 b5 18. Ng4 Kh8 19. Qh3 c4 20. Nxe4 dxe4 21. Be2 b4 22.
Kf1 bxc3 23. bxc3 Bd5 24. Kg2 Rab8 25. Rd2 Nf5 26. Kh1 Bd6 27. Ne5 Bxe5 28. fxe5
Rb5 29. Bg4 Ne7 30. Be1 Reb8 31. Rf2 Kg8 32. Rgf1 Nf5 33. Bxf5 exf5 34. Qxf5 Qc6
35. Qg4 Qe6 36. Qg3 Rb2 37. Bd2 Rxa2 38. Bc1 Rxf2 39. Qxf2 Rb3 40. Qa2 Qh3 41.
Kg1 Qd7 42. Qa5 Rb5 43. Qa3 Rb6 44. Qc5 Rg6 45. Ba3 h6 46. Qf8+ Kh7 47. Be7 Qg4+
48. Kh1 Qe2 49. Rb1 Qf3+ 50. Kg1 Qxe3+ 51. Kh1 Qf3+ 52. Kg1 e3 0-1

[Event "21st European Teams Women"]
[Site "Hersonissos GRE"]
[Date "2017.11.05"]
[Round "8.7"]
[Board "4"]
[White "Mammadova, Gulnar"]
[Black "Guichard, Pauline"]
[Result "1/2-1/2"]
[WhiteTitle "IM"]
[BlackTitle "WGM"]
[WhiteElo "2385"]
[BlackElo "2285"]
[WhiteTeam "Azerbaijan"]
[BlackTeam "France"]
[WhiteFideId "13403508"]
[BlackFideId "639370"]
[EventDate "2017.10.28"]

1. e4 g6 2. d4 Bg7 3. Nf3 d6 4. Be2 Nf6 5. Nbd2 O-O 6. O-O Bg4 7. c3 e5 8. dxe5
Bxf3 9. Bxf3 dxe5 10. Qc2 Nbd7 11. Rd1 Qe7 12. a4 a5 13. Nc4 Rfd8 14. b3 Qe6 15.
h3 Bf8 16. Bg5 Re8 17. Rd2 h6 18. Be3 Nc5 19. Bxc5 Bxc5 20. Rad1 Kg7 21. Rd3
Reb8 22. Bg4 Qe7 23. Bf3 Qe6 24. Rb1 h5 25. Nd2 Rd8 26. Nc4 Rdb8 27. Nd2 Rd8 28.
Nc4 Rdb8 29. Nd2 Rd8 30. Nc4 Rdb8 1/2-1/2

[Event "21st European Teams Women"]
[Site "Hersonissos GRE"]
[Date "2017.11.05"]
[Round "8.8"]
[Board "1"]
[White "Georgescu, Lena"]
[Black "Shvayger, Yuliya"]
[Result "0-1"]
[WhiteTitle "WFM"]
[BlackTitle "WGM"]
[WhiteElo "2130"]
[BlackElo "2442"]
[WhiteTeam "Switzerland"]
[BlackTeam "Israel"]
[WhiteFideId "1331973"]
[BlackFideId "14100126"]
[EventDate "2017.10.28"]

1. e4 e6 2. d4 d5 3. Nc3 Nf6 4. Bg5 dxe4 5. Nxe4 Be7 6. Bxf6 gxf6 7. Qd2 a6 8.
O-O-O b5 9. Nf3 f5 10. Nc3 b4 11. Na4 Bb7 12. Bc4 Bd5 13. Qe2 c6 14. Ne5 Nd7 15.
Rhe1 Nxe5 16. Qxe5 Rg8 17. Bb3 Qb8 18. g3 Qxe5 19. Rxe5 Bf6 20. Ree1 Rd8 21. Nc5
a5 22. Nb7 Ra8 23. Bxd5 cxd5 24. c3 Kd7 25. Nc5+ Kd6 26. Kc2 Rgc8 27. Nb7+ Ke7
28. Nc5 Rc6 29. a3 Rac8 30. axb4 axb4 31. cxb4 Rb6 32. Kc3 Rcb8 33. Nd3 Ke8 34.
Ra1 Rc6+ 35. Nc5 Bxd4+ 36. Kxd4 Rxb4+ 37. Ke5 Rxc5 38. Ra8+ Kd7 39. Kf6 d4 40.
f4 d3 41. Ra7+ Kc8 42. Rd1 Rd4 43. Ra3 d2 44. Rc3 Rxc3 45. bxc3 Rd7 46. Kg7 h5
47. Kh6 Kc7 48. Kxh5 Kc6 49. Kg5 Kc5 50. h4 Kc4 51. h5 Kxc3 52. h6 Kc2 53. h7
Rd8 54. Rh1 d1=Q 55. Rxd1 Kxd1 56. Kf6 Ke2 57. Kxf7 Kf3 58. Kxe6 Kg4 59. Kf6 Rh8
60. Kg7 Rxh7+ 0-1

[Event "21st European Teams Women"]
[Site "Hersonissos GRE"]
[Date "2017.11.05"]
[Round "8.8"]
[Board "2"]
[White "Efroimski, Marsel"]
[Black "De Seroux, Camille"]
[Result "1-0"]
[WhiteTitle "WGM"]
[BlackTitle "WFM"]
[WhiteElo "2329"]
[BlackElo "2163"]
[WhiteTeam "Israel"]
[BlackTeam "Switzerland"]
[WhiteFideId "2810964"]
[BlackFideId "1305620"]
[EventDate "2017.10.28"]

1. e4 c5 2. Nf3 Nc6 3. d4 cxd4 4. Nxd4 Nf6 5. Nc3 d6 6. Bg5 e6 7. Qd2 Qb6 8. Nb3
a6 9. O-O-O Be7 10. f3 O-O 11. h4 Rd8 12. h5 d5 13. exd5 Nxd5 14. Bxe7 Ndxe7 15.
Bd3 Qc7 16. h6 g6 17. Qg5 Bd7 18. Rde1 Kf8 19. Qf6 Nf5 20. Nd5 1-0

[Event "21st European Teams Women"]
[Site "Hersonissos GRE"]
[Date "2017.11.05"]
[Round "8.8"]
[Board "3"]
[White "Stoeri, Laura"]
[Black "Klinova, Masha"]
[Result "0-1"]
[WhiteTitle "WFM"]
[BlackTitle "IM"]
[WhiteElo "2150"]
[BlackElo "2289"]
[WhiteTeam "Switzerland"]
[BlackTeam "Israel"]
[WhiteFideId "1304313"]
[BlackFideId "2802015"]
[EventDate "2017.10.28"]

1. e4 d6 2. d4 Nf6 3. Nc3 g6 4. Be3 a6 5. h3 Bg7 6. f4 O-O 7. Nf3 b5 8. Bd3 Bb7
9. e5 Nd5 10. Nxd5 Bxd5 11. Qe2 Nd7 12. O-O c5 13. c3 Qc7 14. Qf2 Rac8 15. Qh4
Bxf3 16. Rxf3 e6 17. Raf1 cxd4 18. cxd4 Nb6 19. Qg3 Nd5 20. Bf2 f5 21. h4 Qf7
22. h5 gxh5 23. Qh4 Kh8 24. Rh3 Rg8 25. Be2 Bf8 26. Bxh5 Qe7 27. Qxe7 Bxe7 28.
Bh4 Bxh4 29. Rxh4 Ne3 30. Rf2 dxe5 31. dxe5 Rc1+ 32. Kh2 Nf1+ 33. Rxf1 Rxf1 34.
Bf7 Rg7 35. Bxe6 Rf2 36. Bxf5 Rfxg2+ 37. Kh1 Rxb2 38. Be4 Re2 39. f5 Rc7 0-1

[Event "21st European Teams Women"]
[Site "Hersonissos GRE"]
[Date "2017.11.05"]
[Round "8.8"]
[Board "4"]
[White "Gutmakher, Olga"]
[Black "Heinatz, Maria"]
[Result "1-0"]
[WhiteTitle "WIM"]
[WhiteElo "2226"]
[BlackElo "1955"]
[WhiteTeam "Israel"]
[BlackTeam "Switzerland"]
[WhiteFideId "2807602"]
[BlackFideId "1312073"]
[EventDate "2017.10.28"]

1. e4 c5 2. Nf3 d6 3. d4 cxd4 4. Nxd4 Nf6 5. Nc3 a6 6. h3 e5 7. Nde2 h5 8. Bg5
Be6 9. Qd2 Nbd7 10. g3 Be7 11. Bg2 O-O 12. f4 b5 13. O-O Qb6+ 14. Kh2 b4 15. Nd5
Bxd5 16. exd5 Rac8 17. c3 a5 18. Rad1 Rb8 19. c4 Rfc8 20. b3 Bd8 21. fxe5 dxe5
22. Rf5 g6 23. Rff1 Nc5 24. Qe3 Nce4 25. Rxf6 Qxe3 26. Rxg6+ fxg6 27. Bxe3 Nc5
28. d6 a4 29. bxa4 Nxa4 30. Ba7 Ra8 31. d7 Rc7 32. Bxa8 Rxa7 33. Bc6 Kf8 34. Nc1
Ke7 35. Rd5 Bc7 36. Rd2 Nb6 37. Bb5 Bd8 38. Nd3 Nxd7 39. Nxb4 Nb8 40. a4 Ba5 41.
Nd5+ Kd6 42. Rf2 Nd7 43. Rf7 Rb7 44. Rg7 e4 45. Rxg6+ Ke5 46. Rg5+ Kd4 47. Rxh5
e3 48. Nf4 Ne5 49. Kg2 Bb4 50. c5 Rf7 51. c6 Bd6 52. Kf1 Ke4 53. Ke2 Rg7 54. Rh4
Kf5 55. Nh5 Re7 56. Rf4+ Kg5 57. Rf6 Bc7 58. g4 Nxg4 59. hxg4 Kxg4 60. Rh6 Kg5
61. Rh8 Be5 62. Rg8+ Kxh5 63. Kxe3 Bg7+ 64. Kd3 Kg6 65. Kc4 Kf6 66. Kd5 Re5+ 67.
Kd6 Re6+ 68. Kc5 Re7 69. Kb6 Bh6 70. c7 Be3+ 71. Kc6 Re6+ 72. Kd7 Re7+ 73. Kd8
Bb6 74. Rf8+ Ke6 75. Bc4+ Kd6 76. Rf6+ 1-0

[Event "21st European Teams Women"]
[Site "Hersonissos GRE"]
[Date "2017.11.05"]
[Round "8.9"]
[Board "1"]
[White "Houska, Jovanka"]
[Black "Teuschler, Barbara"]
[Result "1-0"]
[WhiteTitle "IM"]
[BlackTitle "WFM"]
[WhiteElo "2393"]
[BlackElo "2228"]
[WhiteTeam "England"]
[BlackTeam "Austria"]
[WhiteFideId "405094"]
[BlackFideId "1602047"]
[EventDate "2017.10.28"]

1. d4 Nf6 2. Nf3 b6 3. c4 Bb7 4. g3 g6 5. Bg2 Bg7 6. O-O O-O 7. d5 Ne4 8. Nd4
Nd6 9. Qd3 f5 10. e3 Na6 11. Nd2 Nc5 12. Qc2 a5 13. b3 e5 14. dxe6 Bxg2 15. Kxg2
dxe6 16. Ba3 Qe8 17. Rad1 Ndb7 18. Nb1 Rf7 19. Nc3 Rd8 20. Nde2 Rfd7 21. Rxd7
Rxd7 22. Rd1 Bf8 23. h4 Kf7 24. h5 Rxd1 25. hxg6+ hxg6 26. Qxd1 Be7 27. Qh1 Kg7
28. Bc1 Nd3 29. Bd2 Bg5 30. Nd4 Nbc5 31. Kg1 Qd7 32. Qa8 Bf6 33. Qa7 Ne5 34.
Ncb5 Bd8 35. Bc3 Kf7 36. Bxa5 Nc6 37. Nxc6 Qxc6 38. Bc3 Nd3 39. Nd4 Qe4 40. Qb8
Ke7 41. Qc8 g5 42. Bd2 g4 43. b4 Nb2 44. b5 Qb1+ 45. Kh2 Qf1 46. Qxe6+ 1-0

[Event "21st European Teams Women"]
[Site "Hersonissos GRE"]
[Date "2017.11.05"]
[Round "8.9"]
[Board "2"]
[White "Exler, Veronika"]
[Black "Maroroa, Sue"]
[Result "1-0"]
[WhiteTitle "WIM"]
[BlackTitle "WIM"]
[WhiteElo "2118"]
[BlackElo "2077"]
[WhiteTeam "Austria"]
[BlackTeam "England"]
[WhiteFideId "1620550"]
[BlackFideId "4301498"]
[EventDate "2017.10.28"]

1. d4 Nf6 2. c4 g6 3. Nf3 Bg7 4. Nc3 O-O 5. e4 d6 6. Be2 e5 7. O-O Nc6 8. dxe5
Nxe5 9. Bf4 Nxf3+ 10. Bxf3 Be6 11. b3 Nd7 12. Rc1 Ne5 13. Be2 Nc6 14. Qd2 Rc8
15. Bg5 Bf6 16. Bh6 Bg7 17. Bxg7 Kxg7 18. Nd5 Bxd5 19. cxd5 Ne7 20. Qd4+ Kg8 21.
Qxa7 c6 22. dxc6 bxc6 23. Qe3 Qa5 24. Rc2 c5 25. Qd2 Qb6 26. Bc4 Rcd8 27. Bd5
Nxd5 28. Qxd5 Rfe8 29. Rd1 Qb4 30. f3 Re5 31. Qxe5 dxe5 32. Rxd8+ Kg7 33. Rd1 h5
34. Rdc1 Qa5 35. a4 Qb4 36. Rc3 h4 37. h3 Kh6 38. Kh2 c4 39. bxc4 Qxa4 40. c5
Qc6 41. Rd3 Kg7 42. Rd6 Qc7 43. c6 1-0

[Event "21st European Teams Women"]
[Site "Hersonissos GRE"]
[Date "2017.11.05"]
[Round "8.9"]
[Board "3"]
[White "Kalaiyalahan, Akshaya"]
[Black "Schnegg, Anna-Lena"]
[Result "1/2-1/2"]
[WhiteTitle "FM"]
[BlackTitle "WFM"]
[WhiteElo "2026"]
[BlackElo "2114"]
[WhiteTeam "England"]
[BlackTeam "Austria"]
[WhiteFideId "422894"]
[BlackFideId "1625268"]
[EventDate "2017.10.28"]

1. d4 Nf6 2. c4 b6 3. Nf3 Bb7 4. g3 g6 5. Bg2 Bg7 6. O-O O-O 7. Nc3 Ne4 8. Nxe4
Bxe4 9. Be3 d6 10. Qd2 e5 11. Bh6 f6 12. Bxg7 Kxg7 13. Ng5 fxg5 14. Bxe4 c6 15.
dxe5 dxe5 16. Qxd8 Rxd8 17. Rad1 Rc8 18. Rd6 a5 19. Rfd1 Ra7 20. Re6 Kf7 21.
Rxe5 Kf6 22. f4 gxf4 23. gxf4 Rd7 24. Bd3 Na6 25. Re3 Rcd8 26. a3 Nc5 27. b4
axb4 28. axb4 Nxd3 29. exd3 Kf5 30. Kf2 Rd4 31. Ke2 Rxf4 32. Ra1 b5 33. Ra5 Rb8
34. Rf3 g5 35. Rh3 Kg4 36. Rxh7 bxc4 37. h3+ Kg3 38. Rxg5+ Kh2 39. dxc4 Rxb4 40.
Rhg7 Rbxc4 41. Rg4 1/2-1/2

[Event "21st European Teams Women"]
[Site "Hersonissos GRE"]
[Date "2017.11.05"]
[Round "8.9"]
[Board "4"]
[White "Novkovic, Julia"]
[Black "Bhatia, Kanwal K"]
[Result "1-0"]
[WhiteTitle "WFM"]
[BlackTitle "WFM"]
[WhiteElo "2111"]
[BlackElo "2080"]
[WhiteTeam "Austria"]
[BlackTeam "England"]
[WhiteFideId "12000086"]
[BlackFideId "407496"]
[EventDate "2017.10.28"]

1. e4 e5 2. Nf3 Nc6 3. d4 exd4 4. Nxd4 Qf6 5. Nxc6 Bc5 6. Qf3 bxc6 7. Nd2 d6 8.
Nb3 Bb6 9. a4 a5 10. Bd2 Qxf3 11. gxf3 Ne7 12. Rg1 O-O 13. Be3 Bxe3 14. fxe3 c5
15. e5 Be6 16. exd6 cxd6 17. Nd2 Nf5 18. Kf2 Rab8 19. Bb5 Rfc8 20. c4 Rc7 21.
Rad1 Kf8 22. Nb3 Bd7 23. Nxa5 Ra7 24. Nb3 Bxb5 25. axb5 Ra4 26. Rc1 Rb4 27. Rc3
Ra8 28. Rgc1 Ke8 29. R1c2 Ra2 30. e4 Ne7 31. Ke3 f6 32. Rg2 Kf7 33. Rd2 Nc8 34.
Nc1 Raxb2 35. Nd3 Rxd2 36. Kxd2 Ra4 37. Nb2 Rb4 38. Nd1 Nb6 39. Ne3 Ra4 40. Kd3
Ke6 41. f4 g5 42. f5+ Kf7 43. Rb3 h5 44. Kc3 g4 45. Rb1 Ra2 46. Nd5 Ra3+ 47. Kc2
Nxc4 48. b6 Ra8 49. Kc3 Na3 50. Rb2 Rb8 51. Rb3 Ra8 52. Nc7 Rb8 53. b7 h4 54.
Rxa3 Rxb7 55. Ne6 Rb4 56. Ra7+ Ke8 57. Kd3 Rb3+ 58. Kc4 Re3 59. Kd5 Rd3+ 60. Kc4
Re3 61. Nc7+ Kd8 62. Kd5 Rd3+ 63. Ke6 g3 64. hxg3 hxg3 65. Nd5 Kc8 66. Rg7 c4
67. Rc7+ Kb8 68. Rxc4 g2 69. Rc1 Rg3 70. Rg1 Rg4 71. Nxf6 1-0

[Event "21st European Teams Women"]
[Site "Hersonissos GRE"]
[Date "2017.11.05"]
[Round "8.10"]
[Board "1"]
[White "Unuk, Laura"]
[Black "Ziaziulkina, Nastassia"]
[Result "0-1"]
[WhiteTitle "WIM"]
[BlackTitle "IM"]
[WhiteElo "2363"]
[BlackElo "2369"]
[WhiteTeam "Slovenia"]
[BlackTeam "Belarus"]
[WhiteFideId "14609215"]
[BlackFideId "13505211"]
[EventDate "2017.10.28"]

1. d4 d5 2. c4 c6 3. Nf3 Nf6 4. e3 Bf5 5. Nc3 a6 6. Ne5 b5 7. cxd5 cxd5 8. Bd2
e6 9. g4 Bg6 10. h4 h5 11. Nxg6 fxg6 12. Bd3 Nxg4 13. Bxg6+ Kd7 14. Bxh5 Nf6 15.
Bg6 Nc6 16. Qf3 Rc8 17. Qh3 Bd6 18. Rg1 Qe7 19. Rc1 Kd8 20. h5 Rc7 21. Rg5 Rc8
22. f4 Kc7 23. Qf1 Kb8 24. Qe2 Ka7 25. Kf2 Rc7 26. Rcg1 Qf8 27. Qd3 Be7 28. Qe2
Nd7 29. R5g4 Bf6 30. R4g2 Nb6 31. Bd3 Qf7 32. Bxb5 Bxd4 33. Bxc6 Qxf4+ 34. Ke1
Qh4+ 35. Kd1 Bf6 36. Rh2 Qc4 37. Bb5 axb5 38. Nxb5+ Kb8 39. Nxc7 Qxc7 40. Ba5
Rc8 41. Qd2 d4 42. Rg4 Qc4 43. Rh1 Qxa2 44. Ke2 Qb3 45. Bxb6 Rc2 46. Bxd4 Qb5+
47. Kd1 Rxd2+ 48. Kxd2 e5 49. h6 exd4 50. h7 Qxb2+ 51. Kd3 Qc3+ 52. Ke2 Qxe3+
53. Kf1 Qf3+ 54. Kg1 Qxg4+ 55. Kf1 Qd1+ 56. Kg2 Qe2+ 57. Kg1 g6 0-1

[Event "21st European Teams Women"]
[Site "Hersonissos GRE"]
[Date "2017.11.05"]
[Round "8.10"]
[Board "2"]
[White "Badelka, Olga"]
[Black "Krivec, Jana"]
[Result "1/2-1/2"]
[WhiteTitle "WIM"]
[BlackTitle "WGM"]
[WhiteElo "2353"]
[BlackElo "2270"]
[WhiteTeam "Belarus"]
[BlackTeam "Slovenia"]
[WhiteFideId "13509926"]
[BlackFideId "14601982"]
[EventDate "2017.10.28"]

1. c4 e5 2. g3 c6 3. d4 e4 4. d5 Nf6 5. Nc3 Bb4 6. Bd2 O-O 7. Bg2 Re8 8. e3 Bxc3
9. Bxc3 cxd5 10. cxd5 d6 11. Ne2 Nbd7 12. O-O Ne5 13. h3 b6 14. Nf4 Ba6 15. Re1
Nd3 16. Nxd3 Bxd3 17. Rc1 Nxd5 18. Bd4 Nc7 19. b3 Ne6 20. Bb2 Rc8 21. h4 Rxc1
22. Qxc1 Qc8 23. Qa1 Qd7 24. Bh3 f6 25. a4 Kf7 26. h5 h6 27. Bf5 Rc8 28. f3 Qb7
29. Rc1 Rxc1+ 30. Qxc1 Ke7 31. Bg6 Nc5 32. Qc3 Qd5 33. b4 Qb3 34. Qxb3 Nxb3 35.
f4 a5 36. bxa5 Nxa5 37. Bd4 Nc4 38. Bh7 Bc2 39. Bg8 Nd2 40. Bxb6 Bxa4 41. Kf2
Bc6 1/2-1/2

[Event "21st European Teams Women"]
[Site "Hersonissos GRE"]
[Date "2017.11.05"]
[Round "8.10"]
[Board "3"]
[White "Kaps, Darja"]
[Black "Stetsko, Lanita"]
[Result "0-1"]
[WhiteTitle "WGM"]
[BlackTitle "FM"]
[WhiteElo "2196"]
[BlackElo "2254"]
[WhiteTeam "Slovenia"]
[BlackTeam "Belarus"]
[WhiteFideId "14602334"]
[BlackFideId "13505300"]
[EventDate "2017.10.28"]

1. d4 Nf6 2. Nf3 d5 3. Bf4 g6 4. e3 Bg7 5. Nbd2 O-O 6. Be2 c5 7. c3 b6 8. Ne5
Bb7 9. O-O Nfd7 10. Ndf3 Nc6 11. Nxc6 Bxc6 12. b4 Re8 13. a4 a5 14. b5 Bb7 15.
Qd2 e5 16. dxe5 Nxe5 17. Rfd1 Nd7 18. Rac1 Nf6 19. Qa2 Ne4 20. c4 Nc3 21. Rxc3
Bxc3 22. cxd5 Qd7 23. Bc4 Qf5 24. Qb3 Bg7 25. Bc7 Qd7 26. d6 Bxf3 27. gxf3 Be5
28. Bd5 Rac8 29. f4 c4 30. Bxc4 Bxd6 31. Rxd6 Qxc7 32. Rc6 Qd7 33. Bd5 Rcd8 34.
e4 Qg4+ 35. Qg3 Qd1+ 36. Kg2 Rxd5 37. exd5 Qxd5+ 38. Qf3 Qd4 39. f5 Re4 40. fxg6
hxg6 41. Rf6 Re5 42. Qa8+ Kg7 43. Rf3 Qxa4 44. Qc6 Rg5+ 45. Rg3 Rxg3+ 46. hxg3
Qd4 47. Qa8 a4 48. Qa6 a3 49. Qxa3 Qd5+ 50. Kg1 Qxb5 51. Qc3+ Kg8 52. Qf6 Qc5
53. g4 b5 54. Kg2 b4 55. f4 Qc2+ 56. Kf3 b3 57. f5 b2 58. fxg6 Qb3+ 59. Kf4 b1=Q
60. Qd8+ Kg7 61. Qd4+ Kxg6 62. Qd6+ Qe6 0-1

[Event "21st European Teams Women"]
[Site "Hersonissos GRE"]
[Date "2017.11.05"]
[Round "8.10"]
[Board "4"]
[White "Revo, Tatiana"]
[Black "Vidic, Teja"]
[Result "0-1"]
[WhiteTitle "WFM"]
[BlackTitle "WFM"]
[WhiteElo "2097"]
[BlackElo "2159"]
[WhiteTeam "Belarus"]
[BlackTeam "Slovenia"]
[WhiteFideId "13506480"]
[BlackFideId "14605511"]
[EventDate "2017.10.28"]

1. e4 e5 2. Nf3 Nc6 3. Bb5 a6 4. Ba4 b5 5. Bb3 g6 6. d4 exd4 7. Nxd4 Na5 8. a4
b4 9. Ba2 Bg7 10. c3 c5 11. Bd5 Ra7 12. Nc2 bxc3 13. Nxc3 Ne7 14. Bg5 h6 15. Bh4
O-O 16. O-O d6 17. Ne3 Qb6 18. Qd2 Nec6 19. Bxc6 Nxc6 20. Qxd6 Rd7 21. a5 Qxb2
22. Qxc6 Qxc3 23. Nd5 Qe5 24. Rac1 Re8 25. Qxc5 Qxe4 26. Nf6+ Bxf6 27. Bxf6 Bb7
28. f3 Qf4 29. Qc3 Kh7 30. Qb2 Rd2 31. Qxb7 Qxf6 32. Rc6 Ree2 33. Qc7 Rxg2+ 34.
Kh1 Rxh2+ 35. Qxh2 Rxh2+ 36. Kxh2 Qxc6 37. Kg3 Qc7+ 0-1

[Event "21st European Teams Women"]
[Site "Hersonissos GRE"]
[Date "2017.11.05"]
[Round "8.11"]
[Board "1"]
[White "Cornette, Deimante"]
[Black "Paehtz, Elisabeth"]
[Result "1-0"]
[WhiteTitle "IM"]
[BlackTitle "IM"]
[WhiteElo "2404"]
[BlackElo "2453"]
[WhiteTeam "Lithuania"]
[BlackTeam "Germany"]
[WhiteFideId "12802859"]
[BlackFideId "4641833"]
[EventDate "2017.10.28"]

1. e4 e5 2. Nf3 Nc6 3. Bb5 a6 4. Ba4 Nf6 5. O-O Be7 6. d3 b5 7. Bb3 d6 8. a3 O-O
9. Nc3 Na5 10. Ba2 Be6 11. Bg5 c5 12. b4 Nc6 13. Nd5 Bxd5 14. exd5 Nd4 15. bxc5
Nxf3+ 16. Qxf3 dxc5 17. Rae1 Nd7 18. Bxe7 Qxe7 19. d6 Qxd6 20. Bxf7+ Kh8 21. Qd5
Qxd5 22. Bxd5 Rad8 23. Bc6 Nb8 24. Bf3 Nd7 25. Re3 Rf4 26. Be4 Rf6 27. Rb1 g6
28. g3 Rd6 29. Bg2 Rd4 30. Bh3 Ra4 31. Bxd7 Rxd7 32. Rxe5 Rc7 33. Rb3 c4 34. Rc3
Kg7 35. f4 Rd7 36. dxc4 bxc4 37. Kf2 Rd2+ 38. Re2 Rd7 39. Kf3 h5 40. Re4 Rc7 41.
Re5 Kf6 42. Ke4 Rd7 43. Rc5 Rd2 44. h4 Re2+ 45. Kf3 Re1 46. R5xc4 Rxc4 47. Rxc4
Ra1 48. Ra4 Ra2 49. Rxa6+ Kf5 50. Ra5+ Kf6 51. c3 Rc2 52. Rc5 Ra2 53. g4 hxg4+
54. Kxg4 Rxa3 55. Rc6+ Kf7 56. h5 gxh5+ 57. Kxh5 Ra5+ 58. Kg4 Ke7 59. f5 Ra1 60.
Kf4 Kd7 61. Re6 Rf1+ 62. Ke4 Re1+ 63. Kd5 Rd1+ 64. Kc5 Rf1 65. Re5 Rf2 66. c4
Rf1 67. Rd5+ Kc7 68. Kd4 Kc6 69. Ke5 Re1+ 70. Kf6 Rc1 71. Rd4 Rf1 72. Ke6 Re1+
73. Kf7 Rf1 74. f6 Kc7 75. Ke7 Re1+ 76. Kf8 Rf1 77. f7 Rg1 78. Rd5 Kc6 79. Ke7 1-0

[Event "21st European Teams Women"]
[Site "Hersonissos GRE"]
[Date "2017.11.05"]
[Round "8.11"]
[Board "2"]
[White "Hoolt, Sarah"]
[Black "Zaksaite, Salomeja"]
[Result "1-0"]
[WhiteTitle "WGM"]
[BlackTitle "WIM"]
[WhiteElo "2423"]
[BlackElo "2272"]
[WhiteTeam "Germany"]
[BlackTeam "Lithuania"]
[WhiteFideId "24606812"]
[BlackFideId "12801496"]
[EventDate "2017.10.28"]

1. e4 c5 2. Nf3 e6 3. d4 cxd4 4. Nxd4 Nf6 5. Nc3 Bb4 6. e5 Nd5 7. Qg4 O-O 8. Bh6
g6 9. Bxf8 Qxf8 10. Ne2 Nc6 11. Qg3 Qc5 12. O-O-O Nxc3 13. Nxc3 Nxe5 14. Nd5 d6
15. Nf6+ Kg7 16. Ne8+ Kf8 17. Nxd6 Bd7 18. Ne4 Qa5 19. a3 Be7 20. Qc3 Qxc3 21.
Nxc3 Bc6 22. f3 a6 23. Bd3 Nxd3+ 24. Rxd3 f5 25. Re1 Kf7 26. g3 Re8 27. f4 g5
28. Ne2 gxf4 29. gxf4 Bh4 30. Ng3 Rg8 31. Rde3 Rg6 32. b3 Be7 33. b4 Bd6 34. Ne2
Rh6 35. h3 Rg6 36. Kb2 Be4 37. Rd1 Ke7 38. Rf1 Rg2 39. Kb3 b5 40. c4 Bc7 41. c5
Kf6 42. Kc3 e5 43. fxe5+ Bxe5+ 44. Kd2 Bd5 45. Ke1 Bc4 46. Rf2 Rg8 47. Ref3 Be6
48. Nf4 Bc4 49. Nh5+ Ke6 50. Rxf5 Bc3+ 51. Kd1 Bd3 52. Nf4+ Kxf5 53. Nxd3+ Ke4
54. Kc2 Bd4 55. Rf4+ Kd5 56. Rg4 Re8 57. Nf4+ Kc4 58. c6 Bb6 59. Nh5+ Bd4 60.
Nf6 Rc8 61. Nd7 Kd5 62. Kd3 Ba7 63. Rg7 Rxc6 64. Rxh7 Rg6 65. Rh5+ Kd6 66. Nc5
Rg3+ 67. Kd4 Rxa3 68. Rh6+ Kc7 69. Rh7+ Kb8 70. Kd5 Bxc5 71. bxc5 Rg3 72. c6
Rg5+ 73. Kd6 Rg8 74. Kc5 Rf8 75. Kb6 Rg8 76. Rb7+ Ka8 77. Ra7+ Kb8 78. c7+ 1-0

[Event "21st European Teams Women"]
[Site "Hersonissos GRE"]
[Date "2017.11.05"]
[Round "8.11"]
[Board "3"]
[White "Kiseleva, Simona"]
[Black "Michna, Marta"]
[Result "0-1"]
[WhiteTitle "WIM"]
[BlackTitle "WGM"]
[WhiteElo "2241"]
[BlackElo "2376"]
[WhiteTeam "Lithuania"]
[BlackTeam "Germany"]
[WhiteFideId "12802506"]
[BlackFideId "1106686"]
[EventDate "2017.10.28"]

1. d4 d6 2. Nf3 g6 3. Bf4 Bg7 4. e3 Nf6 5. h3 O-O 6. Be2 Nfd7 7. O-O e5 8. Bh2
Nc6 9. Na3 Qe7 10. Nb5 Nf6 11. c4 h5 12. Rc1 exd4 13. exd4 a6 14. Nc3 Bh6 15.
Ra1 Bf5 16. d5 Ne5 17. Nd4 Ne4 18. Nxe4 Bxe4 19. f3 Be3+ 20. Kh1 Bd3 21. Nc2
Bxc2 22. Qxc2 f5 23. f4 Nd7 24. Rae1 Bd4 25. Bf3 Qg7 26. Re2 a5 27. b3 Nc5 28.
Bg3 Qf6 29. Rd1 Rfe8 30. Rde1 Rxe2 31. Rxe2 Kf7 32. Be1 Kf8 33. a3 Re8 34. Rxe8+
Kxe8 35. Qe2+ Qe7 36. Qxe7+ Kxe7 37. Bxa5 Nxb3 38. Bb4 Bc5 39. Bd1 Bxb4 40. axb4
Nd2 41. Be2 Ne4 42. Kg1 h4 43. Bd3 Ng3 44. Kf2 Kf6 45. Ke3 g5 46. fxg5+ Kxg5 47.
Bc2 Kf6 48. Bd1 Ke5 49. b5 Ne4 50. Be2 Ng5 51. Bh5 f4+ 52. Kf2 Kd4 53. Be2 b6
54. Ke1 Ke3 55. Bh5 f3 56. gxf3 Nxf3+ 57. Kd1 Ne5 58. Be2 Nd3 59. Bf1 Nf4 60.
Ke1 Kf3 61. Kd2 Kf2 0-1

[Event "21st European Teams Women"]
[Site "Hersonissos GRE"]
[Date "2017.11.05"]
[Round "8.11"]
[Board "4"]
[White "Levushkina, Elena"]
[Black "Gailiunaite, Saule"]
[Result "0-1"]
[WhiteTitle "WGM"]
[WhiteElo "2309"]
[BlackElo "1838"]
[WhiteTeam "Germany"]
[BlackTeam "Lithuania"]
[WhiteFideId "14200686"]
[BlackFideId "12807737"]
[EventDate "2017.10.28"]

1. e4 e6 2. d4 d5 3. Nd2 dxe4 4. Nxe4 Bd7 5. Nf3 Bc6 6. Bd3 Bxe4 7. Bxe4 c6 8.
O-O Nf6 9. Bd3 Bd6 10. Re1 O-O 11. Bg5 Nbd7 12. c3 Qc7 13. Qe2 Rfe8 14. Ne5 Rac8
15. h3 a6 16. b4 h6 17. Bd2 Rcd8 18. f4 Bf8 19. Qf3 Nd5 20. a3 a5 21. Nxd7 Rxd7
22. f5 Rde7 23. c4 Nf6 24. bxa5 e5 25. dxe5 Rxe5 26. Red1 Bc5+ 27. Kh1 Bd4 28.
Bf4 Bxa1 29. Rxa1 Re1+ 30. Rxe1 Rxe1+ 31. Kh2 Qxa5 32. Qf2 Ra1 33. Qe3 Qe1 34.
Be2 Qh1+ 35. Kg3 Qe1+ 36. Kf3 Qa5 37. Bd6 Qxf5+ 38. Kg3 Ne4+ 39. Kh2 Nxd6 40.
Bd3 Rxa3 0-1

[Event "21st European Teams Women"]
[Site "Hersonissos GRE"]
[Date "2017.11.05"]
[Round "8.12"]
[Board "1"]
[White "Hoang, Thanh Trang"]
[Black "Golubenko, Valentina"]
[Result "1-0"]
[WhiteTitle "GM"]
[BlackTitle "WGM"]
[WhiteElo "2438"]
[BlackElo "2291"]
[WhiteTeam "Hungary"]
[BlackTeam "Croatia"]
[WhiteFideId "12400149"]
[BlackFideId "4501993"]
[EventDate "2017.10.28"]

1. d4 Nf6 2. Nf3 g6 3. Bf4 Bg7 4. e3 b6 5. Be2 Bb7 6. h3 d6 7. O-O O-O 8. a4 a6
9. Nbd2 Nbd7 10. Bh2 Re8 11. a5 b5 12. c4 c6 13. b4 e5 14. dxe5 dxe5 15. Qb3 Qe7
16. Rfd1 Nh5 17. Rac1 Nhf6 18. Ng5 Red8 19. Bf3 Rab8 20. cxb5 cxb5 21. Rc7 Bxf3
22. Ndxf3 Rbc8 23. Bxe5 Rxc7 24. Bxc7 Rc8 25. Bd6 Qe8 26. Ne5 Nxe5 27. Bxe5 h6
28. Nf3 Ne4 29. Bxg7 Kxg7 30. Qb2+ Kg8 31. Rc1 Rxc1+ 32. Qxc1 Qe7 33. Qb2 Qd6
34. Nd4 f5 35. f3 Nf6 36. Qb3+ Kg7 37. Ne6+ Kh8 38. Nc5 f4 39. Qc3 Kh7 40. exf4
Qxf4 41. Ne6 1-0